Comparative politics & government. (Record no. 1014)
[ view plain ]
| 000 -LEADER | |
|---|---|
| fixed length control field | 00530cam a2200205ua 4500 |
| 001 - CONTROL NUMBER | |
| control field | 1098 |
| 005 - DATE AND TIME OF LATEST TRANSACTION | |
| control field | 20260515113257.0 |
| 008 - FIXED-LENGTH DATA ELEMENTS--GENERAL INFORMATION | |
| fixed length control field | 110428n ii |||gr||||Z||||||eng |
| 020 ## - INTERNATIONAL STANDARD BOOK NUMBER | |
| International Standard Book Number | 81-7040-869-5 |
| 040 ## - CATALOGING SOURCE | |
| Transcribing agency | MAIN |
| 082 ## - DEWEY DECIMAL CLASSIFICATION NUMBER | |
| Classification number | 320.3 |
| 245 1# - TITLE STATEMENT | |
| Title | Comparative politics & government. |
| Statement of responsibility, etc. | By Hari hara Das. |
| 250 ## - EDITION STATEMENT | |
| Edition statement | 1st. |
| 260 ## - PUBLICATION, DISTRIBUTION, ETC. | |
| Place of publication, distribution, etc. | New Delhi.: |
| Name of publisher, distributor, etc. | Himalaya.,994. |
| 300 ## - PHYSICAL DESCRIPTION | |
| Extent | 476 p.: |
| Dimensions | 20 cm. |
| 653 ## - INDEX TERM--UNCONTROLLED | |
| Uncontrolled term | Political science. |
| 653 ## - INDEX TERM--UNCONTROLLED | |
| Uncontrolled term | Comparative politics and government. |
| 700 1# - ADDED ENTRY--PERSONAL NAME | |
| Personal name | Das, Hari Hara., |
| 942 ## - ADDED ENTRY ELEMENTS (KOHA) | |
| Koha item type | Books |
| Withdrawn status | Lost status | Damaged status | Not for loan | Home library | Current library | Shelving location | Date acquired | Total checkouts | Full call number | Barcode | Date last seen | Date last checked out | Copy number | Price effective from | Koha item type |
|---|---|---|---|---|---|---|---|---|---|---|---|---|---|---|---|
| Naharkatiya College Library | Naharkatiya College Library | General stacks | 09/19/2020 | 1 | 320.3 | DAS | 20060 | 06/13/2025 | 05/26/2025 | 1 | 09/19/2020 | Books |